Statistics for Chemistry Decoder

Click here to take the quiz!

General Stats

  • This quiz has been taken 944 times
  • The average score is 12 of 29

Answer Stats

HintAnswer% Correct
E'alcohol' in alcoholic beverageEthanol
75%
Oform layer in upper atmosphere to reflect UV raysOzone
74%
Ssodium chloride, potassium nitrate, etc.Salts
74%
Hnamed after Greek word for the sunHelium
65%
Oopposite to reductionOxidation
64%
Rradioactive gas from undergroundRadon
61%
A33rd element of the periodic tableArsenic
58%
MRussian chemist who created the periodic tableMendeleev
58%
Cfamily with most Nobel Prizesthe {Curie}s
58%
Falkali metal named after European countryFrancium
57%
Fmost reactive gas in the periodic tableFluorine
52%
Theaviest isotope of hydrogenTritium
52%
Umajor solid compound found in urineUrea
51%
Ocolour of dichromate ion (Cr2O72-)Orange
50%
Isame molecular formula, different molecular structureIsomer
47%
Lwhen solid melts, or gas condensesLiquid
42%
Upair with adenine in RNA strandUracil
40%
Cacid mainly found in soft drinks and sparkling waterCarbonic
36%
Eabsorb energy from the environmentEndothermic
34%
Ibecome charged, no longer neutralIonised
33%
Achemically known as propanoneAcetone
30%
NGerman word for sodiumNatrium
28%
Norganic compounds contain -C≡N groupNitrile
28%
Lused by forensic investigators to detect bloodLuminol
11%
TRIFLUOROMETHANESULFONIC ACID
8%
Thad been used as rat poison and involved in murder casesThallium
7%
DBritish chemist known for his discovery of alkali and alkali earths metal by electrolysisDavy
5%
Ia method to test methyl ketone using iodine{Iodoform} Test
5%
Rscientist who isolate argon gas from air for the first timeRamsay
4%

Score Distribution

Percentile by Number Answered

Percent of People with Each Score

Your Score History

You have not taken this quiz